Esportes mais praticados no Brasil - Statistics

Estatísticas Gerais
  • Esse quiz foi jogado 485 vezes
  • A pontuação média é 4 de 10
Estatísticas das Respostas
Posição Esporte Praticantes % Correto
Futebol 30,4 milhões
98%
Vôlei 15,3 milhões
95%
Natação 11milhões
36%
10º Atletismo 2,1 nilhões
22%
Judô 2,2 milhões
21%
Futsal 10,4 milhões
20%
Tênis de Mesa 12 milhões
20%
Skate 2,7 milhões
16%
Surfe 2,4 milhões
13%
Capoeira 6 milhões
8%
Nenhum quiz correspondente encontrado
Distribuição das Pontuações
Porcentagem de Pessoas com Cada Pontuação
Percentil de Números Respondidos
Sua Pontuação Histórica
Você não jogou esse quiz